Historia moderna y contemporánea de República Dominicana : (Registro nro. 43648)
[ vista simple ]
| 000 -CABECERA | |
|---|---|
| campo de control de longitud fija | 00605nam a2200157 a 4500 |
| 001 - NÚMERO DE CONTROL | |
| campo de control | 000044159 |
| 005 - FECHA Y HORA DE LA ÚLTIMA TRANSACCIÓN | |
| campo de control | 20240404094740.0 |
| 008 - DATOS DE LONGITUD FIJA--INFORMACIÓN GENERAL | |
| campo de control de longitud fija | 140602s2010 dr ac 000 0 spa d |
| 040 ## - FUENTE DE LA CATALOGACIÓN | |
| Centro catalogador/agencia de origen | DO-SdBNP |
| Lengua de catalogación | spa |
| Centro/agencia transcriptor | BNPHU |
| 100 1# - ENTRADA PRINCIPAL--NOMBRE DE PERSONA | |
| Nombre de persona | Cruz Sánchez, Filiberto |
| 9 (RLIN) | 13112 |
| 245 10 - MENCIÓN DE TÍTULO | |
| Título | Historia moderna y contemporánea de República Dominicana : |
| Resto del título | desde los inicios del siglo XIX hasta el presente / |
| Mención de responsabilidad, etc. | Filiberto Cruz Sánchez. |
| 260 ## - PUBLICACIÓN, DISTRIBUCIÓN, ETC. | |
| Lugar de publicación, distribución, etc. | Santo Domingo : |
| Nombre del editor, distribuidor, etc. | El nuevo Diario, |
| Fecha de publicación, distribución, etc. | 2010. |
| 300 ## - DESCRIPCIÓN FÍSICA | |
| Extensión | 268 p. : |
| Otras características físicas | il.,retrs. ; |
| Dimensiones | 28 cm. |
| 500 ## - NOTA GENERAL | |
| Nota general | Primera reimpresión |
| 500 ## - NOTA GENERAL | |
| Nota general | Incluye datos biográficos del atuor en la sola |
| Estado de retiro | Estado de pérdida | No para préstamo | Código de colección | Localización permanente | Ubicación/localización actual | Ubicación en estantería | Fecha de adquisición | Número de inventario | Total de préstamos | Signatura topográfica completa | Código de barras | Fecha visto por última vez | Precio válido a partir de | Tipo de ítem Koha | Número de copia |
|---|---|---|---|---|---|---|---|---|---|---|---|---|---|---|---|
| Excluido de préstamo | Patrimonio Dominicano | Patrimonio Dominicano | Patrimonio Dominicano | Depósito | 02.06.2014 | LF1 | 44159-10 | 25.06.2020 | 25.06.2020 | Libro y Folleto Colección Patrimonio Dominicano | |||||
| Excluido de préstamo | Patrimonio Dominicano | Patrimonio Dominicano | Patrimonio Dominicano | Depósito | 02.06.2014 | LF1 | 44159-20 | 25.06.2020 | 25.06.2020 | Libro y Folleto Colección Patrimonio Dominicano | e. 2 |
